00687nai a2200169Ia 4500003000900000008004100009022002300050040001600073245005300089260008600142310001400228362002600242521006900268650005800337650002900395856009300424IN-BaIIA211028c9999 xx s 000 0 eng d a2168-7161 (Online) cIIA Library 0aIEEE Transactions on Cloud Computingh[eJournal] aNew York, USAbThe Institute of Electrical and Electronics Engineers, Inc. (IEEE) aQuarterly a1(1); 2013 - Present  bSubscribed through National Knowledge Resource Consortium (NKRC) a Communication, Networking and Broadcast Technologies aComputing and Processing uhttps://ieeexplore.ieee.org/servlet/opac?punumber=6245519yClick Here to Access eJournal